Piłka nożna - Ścieżka kariery #1 - Statystyki

Ogólne statystyki
  • Ten quiz został rozwiązany 1 457 razy
  • Średni wynik to 9 z 15
Statystyki odpowiedzi
Hint Odpowiedź % Poprawnych
Lewandowski Robert Lewandowski
98%
Ronaldo Cristiano Ronaldo
91%
Glik Kamil Glik
80%
Fabiański Łukasz Fabiański
78%
Podolski Lukas Podolski
74%
Szczęsny Wojciech Szczęsny
71%
Haaland Erling Haaland
68%
Grosicki Kamil Grosicki
67%
Figo Luis Figo
63%
Totti Francesco Totti
55%
Maldini Paolo Maldini
44%
Zidane Zinedine Zidane
32%
Brożek Paweł Brożek
27%
Owen Michael Owen
25%
Rasiak Grzegorz Rasiak
19%
Nie znaleziono quizów pasujących do podanych kryteriów
Rozkład punktacji
Procent ludzi z każdym wynikiem
Percentyl według liczby udzielonych odpowiedzi
Twoja historia wyników
Nie rozwiązałeś tego quizu